Estatísticas para Músicas do Now United

Clique aqui para jogar o quiz

Estatísticas Gerais

  • Esse quiz foi jogado 462 vezes
  • A pontuação média é 11 de 25

Estatísticas das Respostas

NúmeroMúsica% Correto
#1Summer In The City
90%
#15Na Na Na
78%
#4All Day
75%
#8Paraná
75%
#3Who Would Think That Love
66%
#6Beautiful Life
58%
#7Afraid Of Letting Go
56%
#10Crazy Stupid Silly Love
56%
#14Legends
52%
#23Dana Dana
48%
#18Come Together
47%
#2What Are We Waiting For
45%
#11Like That
44%
#9Sunday Morning
44%
#5How We Do It
43%
#17Live This Moment
40%
#22Better
38%
#21By My Side
32%
#20Wake Up
30%
#16Let Me Be One
24%
#24Let The Music Move You
23%
#12You Give Me Something
17%
#19Hoops
16%
#25Stand Together
10%
#13Sundin Ang Puso
5%

Distribuição das Pontuações

Percentil de Números Respondidos

Porcentagem de Pessoas com Cada Pontuação

Sua Pontuação Histórica

Você não jogou esse quiz